00450 2200181 4500001002100000005001500021035002000036007000300056008004100059020002200100082000800122084001400130100001400144245002500158250001000183260004500193300003000238INLIS00000000000003620190426044103 a0010-0419000036ta190426 0 ind  a978-602-035-117-9 a813 a813 TER b0 aTERE LIYE1 aBINTANG /cTERE LIYE aed. 5 aJakarta :bGramedia Pustaka Utama,c2017 a392 hlm. ;c20 x 13.5 cm.